Using energy
| Main Author: | |
|---|---|
| Format: | Book |
| Published: |
London :
Watts Books ,
1993
|
| Series: | First science
|
| Subjects: |
MARC
| LEADER | 00000cam a2200000 7i4500 | ||
|---|---|---|---|
| 001 | 0000007588 | ||
| 002 | 000008151 | ||
| 005 | 20000330.0 | ||
| 020 | |a 0749614838 | ||
| 090 | 0 | 0 | |a J 500 |b ROW |
| 100 | 1 | |a Rowe, Julian | |
| 245 | 1 | 0 | |a Using energy |c Julian Rowe |
| 260 | |a London : |b Watts Books , |c 1993 | ||
| 300 | |a 32p. ; |c 25cm. | ||
| 490 | 0 | |a First science | |
| 650 | 0 | 0 | |a Energy |x Juvenile literature |
| 999 | |a 052521 |b BUKU |c PINJAMAN |e PERPUSTAKAAN KOMUNITI PETALING JAYA | ||